LEADER 01060nam a2200241 a 4500 001 000000112466 003 CaOOAMICUS 005 20080709110035.0 008 080709s2006 it m 001 0 ita d 040 $aPUL$bita$dMCT 041 0 $aita$aheb 100 1 $aPinto, Sebastiano,$csac.,$d1973-$0(OLS)http://pul/name/69323 245 11$a"Ascolta figlio" :$bautorità e antropologia dell'insegnamento in Prv 1-9 /$cSebastiano Pinto. 260 $aRoma :$b[s.n.],$c2006. 300 $a383 p. ;$c24 cm 504 $aBibliografia (pp. [337]-353) e indici. 520 $aDissertazione: Pontificia Universitas Gregoriana. Facultas theologiae, Roma, 2006. 630 04$aBiblia.$pV.T.$pProverbia$xCommenti.$0(OLS)http://pul/subject/634 850 $aPUL 852 $aPUL$W1$xDP1 Tesi Pon. Univ. Gregoriana$y40$m2006 B 60$j128670$qTesi$B127613$CPULBib$Z2$F127613 $82 941 1 $a16 996 $6245$a"Ascolta figlio" :$bautorità e antropologia dell'insegnamento in Prv 1-9$9(OLS)http://pul/title/141349 996 $6260$aRoma :$b[s.n.]$9(OLS)http://pul/publisher/47958 LEADER 02012nam a2200409 a 4500 001 000000124954 003 CaOOAMICUS 005 20110406175253.0 008 110406s2010 it u000 u ita r 020 $a978-88-7094-639-0 040 $aPUL$bita 041 1 $aita$hlat 082 04$a270.1 100 0 $aOrigenes,$d184-253.$0(OLS)http://pul/name/1274 240 10$aIn Librum Iudicum homiliae IX.$lLatino e italiano.$0(OLS)http://pul/title/157527 245 10$aOmelie sui Giudici :$btesto della versione latina di Rufino /$cintroduzione, note e indice di Pierre Messié, Louis Neyrand, Marcel Borret ; traduzione italiana e aggiornamento di Riccardo Pane. 260 $aRoma :$bEdizioni San Clemente ;$aBologna :$bEdizioni Studio Domenicano,$c2010. 300 $a253 p. ;$c20 cm 490 1 $aSources chrétiennes. Edizione italiana ;$v9 500 $aBibliografia in nota. 700 1 $aPane, Riccardo,$d1972-$0(OLS)http://pul/name/57013 700 1 $aMessié, Pierre,$cS.I.$0(OLS)http://pul/name/11707 700 1 $aNeyrand, Louis,$cS.I.$0(OLS)http://pul/name/15235 700 1 $aBorret, Marcel,$cS.I.$0(OLS)http://pul/name/7605 700 1 $aRufinus, Tyrannius,$dc. 345-410.$0(OLS)http://pul/name/2367 830 0$aSources chrétiennes. Edizione italiana ;$v9.$0(OLS)http://pul/title/142077 850 $aPUL 852 $aPUL$W1$xSL Religione 3$y85$m270. 1 COLL 2.9$j143852$qDDC 21$B142904$CPULBib$Z2$F142904 $H116519 $82 900 $aOrigene,$d184-253$91274 900 $aRufino di Aquileia,$dc. 345-410$92367 941 1 $a9 996 $6020$a978-88-7094-639-0$9(OLS)http://pul/number/146868 996 $6082$a270.1$9(OLS)http://pul/classification/305 996 $6245$aOmelie sui Giudici :$btesto della versione latina di Rufino$9(OLS)http://pul/title/157528 996 $6260$aRoma :$bEdizioni San Clemente$9(OLS)http://pul/publisher/80048 996 $6260$aBologna :$bEdizioni Studio Domenicano$9(OLS)http://pul/publisher/49136